[Event "POL-chT U20 2nd League"]
[Site "Sypniewo"]
[Date "2020.??.??"]
[Round "9.8"]
[White "Bialik, Nikodem"]
[Black "Niemier, Hubert"]
[Result "0-1"]
[WhiteElo "1547"]
[BlackElo "1771"]
[PlyCount "146"]
[EventDate "2020.10.23"]
[EventType "team-swiss"]
[EventRounds "9"]
[EventCountry "POL"]
[SourceTitle "CBM 199 Extra"]
[Source "ChessBase"]
[SourceDate "2021.01.31"]
[SourceVersion "1"]
[SourceVersionDate "2021.01.31"]
[SourceQuality "1"]

1. e4 c6 2. Nf3 d5 3. Nc3 Bg4 4. h3 Bxf3 5. Qxf3 e6 6. a3 Bc5 7. g3 Nd7 8. d3 d4 9. Nb1 Ne7 10. Bg2 e5 11. 0-0 0-0 12. Qe2 Bd6 13. f4 f6 14. f5 c5 15. b3 b5 16. Nd2 Nb6 17. g4 Nc6 18. Rf3 Kf7 19. Rg3 h6 20. h4 Ke7 21. Nf3 Kd7 22. g5 hxg5 23. hxg5 Qe8 24. Nh4 Ne7 25. Bd2 Rg8 26. Kf2 Rc8 27. Rh1 c4 28. bxc4 bxc4 29. Bc1 cxd3 30. Rxd3 Qf7 31. Rhh3 Qa2 32. c3 Qxe2+ 33. Kxe2 Na4 34. Bd2 Nxc3+ 35. Bxc3 Rxc3 36. Rxc3 dxc3 37. Rxc3 Rb8 38. gxf6 gxf6 39. Kf3 Nc6 40. Bf1 Nd4+ 41. Kg4 Rb1 42. Bc4 Rg1+ 43. Kh3 Re1 44. Bd5 Ra1 45. Nf3 Bxa3 46. Rd3 Bc5 47. Kg2 a5 48. Rd2 Ra3 49. Ne1 Rc3 50. Nd3 Bb4 51. Nb2 Kc7 52. Rf2 Nc2 53. Na4 Ne3+ 54. Kh2 Ra3 55. Rf3 Nxd5 56. Rxa3 Bxa3 57. exd5 Kd6 58. Nb6 Bc5 59. Nc4+ Kxd5 60. Nxa5 Ke4 61. Kg3 Kxf5 62. Nb3 Bb6 63. Kf3 e4+ 64. Ke2 Ke5 65. Nd2 Kd5 66. Nf1 f5 67. Nd2 f4 68. Nf1 f3+ 69. Kd2 Bf2 70. Nh2 Kd4 71. Kc1 Ke3 72. Kd1 Kf4 73. Nf1 e3 0-1

[Event "POL-ch U18"]
[Site "Szklarska Poreba"]
[Date "2019.03.15"]
[Round "8"]
[White "Kaminski, Maciej1111"]
[Black "Niemier, Hubert"]
[Result "1-0"]
[WhiteElo "1796"]
[BlackElo "1801"]
[PlyCount "49"]
[EventDate "2019.03.09"]
[EventType "swiss"]
[EventRounds "9"]
[EventCountry "POL"]
[SourceTitle "CBM 189 Extra"]
[Source "ChessBase"]
[SourceDate "2019.06.03"]
[SourceVersion "1"]
[SourceVersionDate "2019.06.03"]
[SourceQuality "1"]

1. e4 c5 2. Nf3 e6 3. d4 cxd4 4. Nxd4 Nf6 5. Nc3 d6 6. g4 h6 7. h4 a6 8. Bg2 Be7 9. g5 hxg5 10. hxg5 Rxh1+ 11. Bxh1 Nfd7 12. Qh5 Nf8 13. f4 g6 14. Qh8 Nc6 15. Be3 Nxd4 16. Qxd4 Bd7 17. 0-0-0 Rc8 18. Qa7 Bc6 19. Kb1 Ra8 20. Qd4 b5 21. f5 Bxg5 22. Bxg5 Qxg5 23. Qxd6 Rc8 24. f6 Qxf6 25. e5 1-0

[Event "POL-ch U18"]
[Site "Szklarska Poreba"]
[Date "2019.03.09"]
[Round "2"]
[White "Golenia, Jan"]
[Black "Niemier, Hubert"]
[Result "1-0"]
[WhiteElo "2041"]
[BlackElo "1801"]
[PlyCount "69"]
[EventDate "2019.03.09"]
[EventType "swiss"]
[EventRounds "9"]
[EventCountry "POL"]
[SourceTitle "CBM 189 Extra"]
[Source "ChessBase"]
[SourceDate "2019.06.03"]
[SourceVersion "1"]
[SourceVersionDate "2019.06.03"]
[SourceQuality "1"]

1. d4 Nf6 2. c4 e6 3. g3 Be7 4. Bg2 0-0 5. Nf3 b6 6. Ne5 d5 7. Nc3 Bb7 8. 0-0 Nbd7 9. Bf4 c6 10. cxd5 cxd5 11. Nd3 Nb8 12. Rc1 Nc6 13. Ne5 Rc8 14. Qd2 a6 15. Nxc6 Bxc6 16. Rc2 b5 17. Rfc1 Bb7 18. f3 Qb6 19. g4 Nd7 20. e3 Bd6 21. Bg3 Bxg3 22. hxg3 Qd6 23. f4 Nb6 24. b3 Rc6 25. Nd1 Rfc8 26. Nb2 Rxc2 27. Rxc2 Rxc2 28. Qxc2 Qc6 29. Qd2 Nd7 30. Nd3 g6 31. g5 Kg7 32. Kf2 Qb6 33. Qc3 Qc6 34. Nc5 a5 35. a3 1-0

[Event "POL-ch U18"]
[Site "Szklarska Poreba"]
[Date "2019.03.09"]
[Round "1"]
[White "Niemier, Hubert"]
[Black "Leskiewicz, Ignacy"]
[Result "0-1"]
[WhiteElo "1801"]
[BlackElo "2192"]
[PlyCount "46"]
[EventDate "2019.03.09"]
[EventType "swiss"]
[EventRounds "9"]
[EventCountry "POL"]
[SourceTitle "CBM 189 Extra"]
[Source "ChessBase"]
[SourceDate "2019.06.03"]
[SourceVersion "1"]
[SourceVersionDate "2019.06.03"]
[SourceQuality "1"]

1. d4 Nf6 2. c4 g6 3. Nc3 Bg7 4. e4 d6 5. Bd3 0-0 6. Nge2 a6 7. 0-0 Nbd7 8. Rb1 c5 9. d5 Ne5 10. f4 Nxd3 11. Qxd3 b5 12. b3 b4 13. Nd1 Nxe4 14. Qf3 f5 15. Nf2 Qa5 16. Nxe4 fxe4 17. Qe3 Qxa2 18. Bd2 a5 19. Rbd1 Qc2 20. Rc1 Qd3 21. Qxd3 exd3 22. Ng3 Bd4+ 23. Kh1 a4 0-1

[Event "POL-chT 2nd League"]
[Site "Jastrzebia Gora"]
[Date "2018.09.03"]
[Round "4.5"]
[White "Niemier, Hubert"]
[Black "Krasiewicz, Robert"]
[Result "1/2-1/2"]
[WhiteElo "1838"]
[BlackElo "1965"]
[PlyCount "94"]
[EventDate "2018.09.01"]
[EventType "team-swiss"]
[EventRounds "9"]
[EventCountry "POL"]
[SourceTitle "CBM 186 Extra"]
[Source "ChessBase"]
[SourceDate "2018.08.24"]
[SourceVersion "1"]
[SourceVersionDate "2018.08.24"]
[SourceQuality "1"]
[WhiteTeam "Zakrzewo Korona"]
[BlackTeam "Zielonka Zieloni"]
[WhiteTeamCountry "POL"]
[BlackTeamCountry "POL"]

1. d4 f5 2. Bg5 h6 3. Bh4 g5 4. e4 Nf6 5. e5 e6 6. exf6 Qxf6 7. Bg3 f4 8. Bd3 c5 9. Nf3 Bg7 10. Bxf4 gxf4 11. c3 cxd4 12. Nxd4 0-0 13. 0-0 Nc6 14. Nf3 d5 15. Bc2 Rd8 16. Bb3 Qf7 17. Na3 e5 18. Nd2 Be6 19. f3 Ne7 20. Qe2 Nf5 21. Nc2 a5 22. a3 Qc7 23. Kh1 Ra6 24. Qf2 d4 25. Bxe6+ Rxe6 26. c4 d3 27. Ne1 Ne3 28. Rg1 Rc6 29. g3 Nxc4 30. Nxc4 Rxc4 31. Rd1 Rcd4 32. Rd2 Kh8 33. gxf4 exf4 34. Ng2 Re8 35. Nh4 Rd5 36. Qf1 Qc4 37. Qg2 Rg5 38. Qf1 Bd4 39. Rxg5 hxg5 40. Nf5 Be3 41. Rxd3 Bc5 42. Qh3+ Kg8 43. Nh6+ Kh8 44. Nf5+ Kg8 45. Nh6+ Kh8 46. Nf5+ Kg8 47. Nh6+ Kh8 1/2-1/2

[Event "Poznan op 24th"]
[Site "Poznan"]
[Date "2016.08.13"]
[Round "7"]
[White "Szuba, Henryk"]
[Black "Niemier, Hubert"]
[Result "0-1"]
[WhiteElo "1519"]
[BlackElo "1767"]
[PlyCount "105"]
[EventDate "2016.08.08"]
[EventType "swiss"]
[EventRounds "9"]
[EventCountry "POL"]
[SourceTitle "CBM 173 Extra"]
[Source "ChessBase"]
[SourceDate "2016.08.29"]
[SourceVersion "1"]
[SourceVersionDate "2016.08.29"]
[SourceQuality "1"]

1. d4 d5 2. Nf3 Nf6 3. c4 c6 4. cxd5 cxd5 5. Nc3 Nc6 6. h3 Bf5 7. a3 e6 8. Bg5 Be7 9. Bxf6 Bxf6 10. e3 0-0 11. Bd3 Bxd3 12. Qxd3 Qd7 13. b4 Be7 14. 0-0 f5 15. Nd2 Kh8 16. f4 g5 17. Nf3 Rg8 18. fxg5 Bxg5 19. Nxg5 Rxg5 20. Ne2 Rag8 21. Rf2 Ne7 22. Nf4 Ng6 23. Nxg6+ R5xg6 24. Raa2 Rg3 25. Kf1 Qg7 26. Ke1 Qh6 27. Rfe2 f4 28. Qc3 f3 29. gxf3 Qxh3 30. Qc7 Qf1+ 31. Kd2 Rxf3 32. Qe5+ Rf6 33. Kd3 Qf5+ 34. Qxf5 Rxf5 35. Rac2 h6 36. Rc7 Rg7 37. Rec2 Rff7 38. Rc8+ Kh7 39. Re8 Re7 40. Rf8 Rgf7 41. Ra8 a6 42. Rcc8 Kg6 43. Rg8+ Rg7 44. Rh8 h5 45. Ke2 Kg5 46. Kf3 Ref7+ 47. Ke2 Rh7 48. Rhg8+ Kf6 49. Rg3 h4 50. Rh3 Kg5 51. Rg8+ Rfg7 52. Rf8 Kg4 53. Rh1 0-1

[Event "Poznan op 23rd"]
[Site "Poznan"]
[Date "2015.08.15"]
[Round "6"]
[White "Niemier, Hubert"]
[Black "Bzdega, Bartlomiej"]
[Result "0-1"]
[WhiteElo "1531"]
[BlackElo "1461"]
[PlyCount "118"]
[EventDate "2015.08.10"]
[EventType "swiss"]
[EventRounds "9"]
[EventCountry "POL"]
[SourceTitle "CBM 167 Extra"]
[Source "ChessBase"]
[SourceDate "2015.09.14"]
[SourceVersion "1"]
[SourceVersionDate "2015.09.14"]
[SourceQuality "1"]

1. d4 d5 2. c4 c6 3. Nf3 e6 4. Nc3 Nf6 5. Bg5 Nbd7 6. e3 Be7 7. Bd3 dxc4 8. Bxc4 0-0 9. 0-0 Nd5 10. Bxe7 Qxe7 11. Qe2 b6 12. e4 Nxc3 13. bxc3 Bb7 14. Rfd1 Rfe8 15. Rac1 c5 16. Rc2 Nf6 17. Bd3 Rac8 18. Rdc1 c4 19. Bxc4 Bxe4 20. Bd3 Bxd3 21. Qxd3 Nd5 22. g3 Rc7 23. Qe2 Rec8 24. c4 Nb4 25. Rb2 Nd5 26. Qd3 h6 27. a3 Nf6 28. Rbc2 Qd6 29. Qb3 Nd7 30. Qb4 Qc6 31. Nd2 Nf6 32. Qb3 Ne4 33. Nxe4 Qxe4 34. Qe3 Qc6 35. f4 Qa4 36. Qd3 g6 37. Rc3 Qd7 38. Qe4 Rd8 39. Rd3 Rc6 40. Kf2 Rd6 41. Ke3 f5 42. Qe5 Kf7 43. Rcd1 Qc6 44. Rc3 a6 45. d5 Qe8 46. Rcd3 exd5 47. cxd5 Qa4 48. Kf3 Qc2 49. R1d2 Qc5 50. Qd4 Rxd5 51. Qxc5 Rxd3+ 52. Rxd3 Rxd3+ 53. Ke2 Rd2+ 54. Kxd2 bxc5 55. Kc3 Ke6 56. Kc4 Kd6 57. h3 h5 58. h4 Kc6 59. a4 a5 0-1

[Event "Poznan op 23rd"]
[Site "Poznan"]
[Date "2015.08.13"]
[Round "4"]
[White "Niemier, Hubert"]
[Black "Szelag, Zuzanna"]
[Result "0-1"]
[WhiteElo "1531"]
[BlackElo "1733"]
[PlyCount "90"]
[EventDate "2015.08.10"]
[EventType "swiss"]
[EventRounds "9"]
[EventCountry "POL"]
[SourceTitle "CBM 167 Extra"]
[Source "ChessBase"]
[SourceDate "2015.09.14"]
[SourceVersion "1"]
[SourceVersionDate "2015.09.14"]
[SourceQuality "1"]

1. d4 Nf6 2. c4 e6 3. Nc3 c5 4. d5 exd5 5. cxd5 d6 6. Nf3 g6 7. Nd2 Bg7 8. e4 0-0 9. Bd3 Re8 10. 0-0 Na6 11. a3 Nc7 12. a4 Na6 13. Nc4 Nb4 14. Bb1 a6 15. a5 Qc7 16. Re1 Nd7 17. Na4 Ne5 18. Nab6 Rb8 19. Bf4 Bd7 20. Nxd7 Qxd7 21. Bxe5 Bxe5 22. Qa4 Qe7 23. Qb3 Bd4 24. Rf1 Qf6 25. Bc2 Re7 26. Rad1 Rbe8 27. Bb1 Be5 28. g3 h5 29. Kg2 h4 30. f4 Bd4 31. e5 dxe5 32. fxe5 Qg5 33. Rxd4 cxd4 34. Qxb4 Rd7 35. Nb6 Rde7 36. Qxd4 hxg3 37. hxg3 Rxe5 38. Qf4 Re2+ 39. Rf2 Rxf2+ 40. Qxf2 Re3 41. Ba2 Qe5 42. Bc4 Qe4+ 43. Kh2 Re1 44. Qg2 Qf5 45. g4 Qf4+ 0-1

[Event "POL-chT U19 3rd League Wielkopolska"]
[Site "Wielkopolska"]
[Date "2014.12.30"]
[Round "2.3"]
[White "Skurniak, Szymon"]
[Black "Niemier, Hubert"]
[Result "0-1"]
[WhiteElo "1331"]
[BlackElo "1398"]
[PlyCount "72"]
[EventDate "2014.01.18"]
[EventType "team-tourn"]
[EventRounds "9"]
[EventCountry "POL"]
[SourceTitle "EXT 2020"]
[Source "ChessBase"]
[SourceDate "2019.10.17"]
[SourceVersion "1"]
[SourceVersionDate "2019.10.17"]
[SourceQuality "1"]
[WhiteTeam "Kalisz KTS U19 II"]
[BlackTeam "Poznan Politechnika U19"]
[WhiteTeamCountry "POL"]
[BlackTeamCountry "POL"]

1. e4 c6 2. d4 d5 3. exd5 cxd5 4. Bd3 Nc6 5. c3 Nf6 6. h3 e5 7. dxe5 Nxe5 8. Nf3 Nxf3+ 9. Qxf3 Be7 10. 0-0 0-0 11. Bf4 b6 12. Nd2 Bb7 13. Nb3 Qd7 14. Nd4 Ne4 15. Rfe1 Bc5 16. Ne2 Bxf2+ 17. Kh2 Bxe1 18. Rxe1 a6 19. Ng3 Nxg3 20. Qxg3 Rfe8 21. Bh6 g6 22. Rf1 d4 23. Qf4 Qd5 24. Be4 Rxe4 25. Qf6 Qe5+ 26. Qxe5 Rxe5 27. cxd4 Re2 28. Kg3 Rxg2+ 29. Kf4 Re8 30. d5 Bxd5 31. Bg7 Kxg7 32. Re1 Rxe1 33. b4 Rf2+ 34. Kg3 Rf3+ 35. Kh4 Re4+ 36. Kg5 h6# 0-1

[Event "POL-chT U19 2nd League"]
[Site "Szczyrk"]
[Date "2014.08.02"]
[Round "11.99"]
[White "Czechowski, Jakub"]
[Black "Niemier, Hubert"]
[Result "0-1"]
[WhiteElo "1356"]
[BlackElo "1413"]
[PlyCount "72"]
[EventDate "2014.07.25"]
[EventType "team-swiss"]
[EventRounds "11"]
[EventCountry "POL"]
[SourceTitle "EXT 2015"]
[Source "ChessBase"]
[SourceDate "2014.11.20"]
[SourceVersion "1"]
[SourceVersionDate "2014.11.20"]
[SourceQuality "1"]
[WhiteTeam "Gorzow Wielkopolski Stilon U19 II"]
[BlackTeam "Poznan Politechnika U19"]
[WhiteTeamCountry "POL"]
[BlackTeamCountry "POL"]

1. e4 c6 2. d4 d5 3. Nc3 dxe4 4. Nxe4 Nd7 5. Nf3 Ngf6 6. Nxf6+ Nxf6 7. Bc4 Bf5 8. Be3 e6 9. Ne5 Be7 10. Qd2 Qc7 11. 0-0-0 b5 12. Be2 Nd5 13. g4 Be4 14. f3 Nxe3 15. Qxe3 Bd5 16. Qc3 Bd6 17. h4 a5 18. h5 f6 19. Nd3 b4 20. Qe1 Qb6 21. Qh4 h6 22. Nc5 Bxc5 23. dxc5 Qxc5 24. Rhe1 Kf7 25. Bd3 Rhc8 26. Bg6+ Kf8 27. f4 Qe7 28. Bf5 Qd6 29. Bxe6 Qxf4+ 30. Kb1 Rd8 31. Bf5 a4 32. Rf1 Qc4 33. Bd3 Qxa2+ 34. Kc1 Qa1+ 35. Kd2 Qxb2 36. g5 Qc3+ 0-1

[Event "POL-chT U19 2nd League"]
[Site "Szczyrk"]
[Date "2014.07.30"]
[Round "8.99"]
[White "Klementowski, Dawid"]
[Black "Niemier, Hubert"]
[Result "1-0"]
[WhiteElo "1659"]
[BlackElo "1413"]
[PlyCount "87"]
[EventDate "2014.07.25"]
[EventType "team-swiss"]
[EventRounds "11"]
[EventCountry "POL"]
[SourceTitle "EXT 2015"]
[Source "ChessBase"]
[SourceDate "2014.11.20"]
[SourceVersion "1"]
[SourceVersionDate "2014.11.20"]
[SourceQuality "1"]
[WhiteTeam "Rybnik MKSz U19 II"]
[BlackTeam "Poznan Politechnika U19"]
[WhiteTeamCountry "POL"]
[BlackTeamCountry "POL"]

1. e4 c6 2. d4 d5 3. exd5 cxd5 4. Bd3 Nc6 5. c3 Qc7 6. Qb3 Nxd4 7. Qxd5 e5 8. Bf4 Nc6 9. Bg3 Be6 10. Qf3 Bd6 11. Nd2 Nge7 12. Bc4 Bxc4 13. Nxc4 Bc5 14. Ne2 b5 15. Nxe5 0-0 16. Nxc6 Qxc6 17. Qxc6 Nxc6 18. 0-0-0 Rfe8 19. Rhe1 b4 20. cxb4 Bxb4 21. Nc3 Ne7 22. Bd6 Bxc3 23. bxc3 Nf5 24. Rxe8+ Rxe8 25. Bf4 f6 26. g4 Re4 27. Bb8 Rxg4 28. Rd5 Ne7 29. Rd8+ Kf7 30. Rd7 Rg2 31. Bg3 a5 32. Ra7 Ke6 33. Ra6+ Kf7 34. Rxa5 Kg6 35. Kd2 h5 36. Ke2 Rg1 37. Rb5 Ra1 38. Rb2 Nd5 39. Kd2 Kh6 40. c4 Ne7 41. Bd6 Nf5 42. c5 Rf1 43. Ke2 Rc1 44. Bf4+ 1-0

[Event "POL-chT U19 2nd League"]
[Site "Szczyrk"]
[Date "2014.07.25"]
[Round "1.105"]
[White "Niemier, Hubert"]
[Black "Gora, Szczepan"]
[Result "1-0"]
[WhiteElo "1413"]
[BlackElo "1115"]
[PlyCount "119"]
[EventDate "2014.07.25"]
[EventType "team-swiss"]
[EventRounds "11"]
[EventCountry "POL"]
[SourceTitle "EXT 2015"]
[Source "ChessBase"]
[SourceDate "2014.11.20"]
[SourceVersion "1"]
[SourceVersionDate "2014.11.20"]
[SourceQuality "1"]
[WhiteTeam "Poznan Politechnika U19"]
[BlackTeam "Jaworzno JKSz MCKiS U19"]
[WhiteTeamCountry "POL"]
[BlackTeamCountry "POL"]

1. d4 d5 2. Bf4 Nc6 3. e3 a6 4. c4 dxc4 5. Bxc4 e6 6. Nc3 Bb4 7. Nf3 Nf6 8. 0-0 Bxc3 9. bxc3 0-0 10. Qc2 b5 11. Bd3 h6 12. a4 bxa4 13. Qxa4 Ne7 14. h3 Ned5 15. Bh2 Bb7 16. Qb3 Ra7 17. e4 Nb6 18. Qc2 Qe7 19. c4 c5 20. d5 exd5 21. exd5 Rd8 22. Rfe1 Qf8 23. Bc7 Nbd7 24. Bxd8 Qxd8 25. Ne5 Nxe5 26. Rxe5 Qc7 27. Rae1 Qb8 28. Qa4 Ra8 29. Qa5 Qd6 30. Re7 Rb8 31. Qc7 Qxc7 32. Rxc7 Kf8 33. Ree7 Ba8 34. Rxf7+ Ke8 35. Rxg7 Kd8 36. Rxc5 Nd7 37. Rg8+ Ke7 38. Rxb8 Nxc5 39. Rxa8 Nxd3 40. Rxa6 h5 41. Kf1 Kd7 42. g3 Nc5 43. Rh6 h4 44. Rxh4 Kd6 45. Ke2 Nd7 46. Re4 Nb6 47. Re6+ Kc5 48. Rc6+ Kd4 49. Rxb6 Kxc4 50. d6 Kc5 51. d7 Kxb6 52. d8Q+ Kb7 53. f4 Ka7 54. f5 Kb7 55. f6 Ka7 56. Qd7+ Kb6 57. f7 Ka6 58. f8Q Ka5 59. Qc5+ Ka6 60. Qda7# 1-0

[Event "Poznan op 21st"]
[Site "Poznan"]
[Date "2013.08.11"]
[Round "6"]
[White "Czaplinski, Piotr"]
[Black "Niemier, Hubert"]
[Result "1-0"]
[WhiteElo "1767"]
[BlackElo "1397"]
[PlyCount "89"]
[EventDate "2013.08.07"]
[EventType "swiss"]
[EventRounds "9"]
[EventCountry "POL"]
[SourceTitle "CBM 155 Extra"]
[Source "ChessBase"]
[SourceDate "2013.08.26"]
[SourceVersion "1"]
[SourceVersionDate "2013.08.26"]
[SourceQuality "1"]

1. d4 d5 2. c4 c6 3. Nc3 dxc4 4. a4 Nf6 5. e4 e6 6. Bxc4 Bb4 7. Qd3 0-0 8. Nf3 Nbd7 9. 0-0 b6 10. Bg5 Qc7 11. Rac1 Bb7 12. Bb3 c5 13. e5 Bxc3 14. bxc3 Nd5 15. Bc2 g6 16. Bh6 Rfc8 17. Ng5 Nf4 18. Qd2 Nxg2 19. f3 Nh4 20. Qf4 Nf5 21. Bxf5 exf5 22. Qh4 Nf8 23. Bxf8 Kxf8 24. Nxh7+ Kg7 25. Ng5 Rh8 26. Qg3 Qe7 27. Rf2 Rh5 28. Rg2 Rc8 29. Re1 Rch8 30. e6 f6 31. Nf7 g5 32. Nxh8 Rxh8 33. h4 g4 34. Qf4 Kf8 35. Qxf5 Bxf3 36. d5 Bxg2 37. d6 Qxd6 38. Qxf6+ Ke8 39. Qf7+ Kd8 40. e7+ Qxe7 41. Qxe7+ Kc8 42. Kxg2 g3 43. Qxa7 Kd8 44. Re7 c4 45. Qd7# 1-0

[Event "Poznan op 21st"]
[Site "Poznan"]
[Date "2013.08.10"]
[Round "4"]
[White "Szczepaniak, Artur"]
[Black "Niemier, Hubert"]
[Result "1-0"]
[WhiteElo "1673"]
[BlackElo "1397"]
[PlyCount "61"]
[EventDate "2013.08.07"]
[EventType "swiss"]
[EventRounds "9"]
[EventCountry "POL"]
[SourceTitle "CBM 155 Extra"]
[Source "ChessBase"]
[SourceDate "2013.08.26"]
[SourceVersion "1"]
[SourceVersionDate "2013.08.26"]
[SourceQuality "1"]

1. e4 c6 2. d4 d5 3. Nc3 dxe4 4. Nxe4 Nd7 5. Nf3 Ngf6 6. Ng3 e6 7. Bd3 c5 8. 0-0 Be7 9. b3 0-0 10. Bb2 b6 11. Re1 Bb7 12. Qe2 cxd4 13. Nxd4 Bc5 14. Rad1 Qc7 15. a3 a5 16. Nh5 Qd6 17. Nf3 Qe7 18. Ne5 Bxa3 19. Bxa3 Qxa3 20. Nxd7 Nxd7 21. Bxh7+ Kxh7 22. Rxd7 Bd5 23. Qe5 Kh6 24. Nxg7 Qb4 25. Re3 Kh7 26. Rh3+ Kg8 27. Nxe6 Qe1+ 28. Qxe1 Bxe6 29. Rg3+ Kh7 30. Qxe6 Rae8 31. Qh3# 1-0

[Event "Poznan op 21st"]
[Site "Poznan"]
[Date "2013.08.07"]
[Round "1"]
[White "Niemier, Hubert"]
[Black "Duszczak, Dariusz"]
[Result "1/2-1/2"]
[WhiteElo "1397"]
[BlackElo "1968"]
[PlyCount "108"]
[EventDate "2013.08.07"]
[EventType "swiss"]
[EventRounds "9"]
[EventCountry "POL"]
[SourceTitle "CBM 155 Extra"]
[Source "ChessBase"]
[SourceDate "2013.08.26"]
[SourceVersion "1"]
[SourceVersionDate "2013.08.26"]
[SourceQuality "1"]

1. d4 f5 2. Bf4 e6 3. e3 Nf6 4. Bd3 c5 5. c3 Qb6 6. Qb3 Nc6 7. Qxb6 axb6 8. Nf3 Be7 9. 0-0 0-0 10. Nbd2 Nd5 11. Bg5 Bxg5 12. Nxg5 Na5 13. Be2 h6 14. Ngf3 d6 15. Nc4 Nxc4 16. Bxc4 Bd7 17. dxc5 bxc5 18. Rfd1 Bc6 19. a3 Rfd8 20. Rd2 Kf7 21. Rad1 b5 22. Bb3 g5 23. h3 Ke7 24. Nh2 Nf6 25. f3 Bd5 26. Bxd5 Nxd5 27. Kf2 Nb6 28. Nf1 Nc4 29. Rc2 Rg8 30. Nd2 Ne5 31. Nf1 c4 32. Ra1 Nd3+ 33. Kg1 h5 34. Kh2 Rg6 35. Rd2 g4 36. f4 gxh3 37. Kxh3 Nc5 38. Re1 Ne4 39. Rc2 Rag8 40. Ra1 Ng3 41. Nh2 Ne4 42. Nf1 Ra8 43. Re1 Nc5 44. Ree2 Kf6 45. Rf2 Nd3 46. Rfe2 Re8 47. g3 e5 48. Rcd2 e4 49. Rd1 Ke6 50. Rdd2 Reg8 51. Rd1 Kd7 52. Rh2 Kc6 53. Rb1 Ra8 54. Kg2 Rh6 1/2-1/2

[Event "POL-chT U19 3rd League Wielkopolska"]
[Site "Kalisz"]
[Date "2013.02.17"]
[Round "9.20"]
[White "Niemier, Hubert"]
[Black "Lisiecki, Robert"]
[Result "1-0"]
[WhiteElo "1332"]
[BlackElo "1439"]
[PlyCount "111"]
[EventDate "2013.02.09"]
[EventType "team-tourn"]
[EventRounds "9"]
[EventCountry "POL"]
[SourceTitle "EXT 2019"]
[Source "ChessBase"]
[SourceDate "2018.10.10"]
[SourceVersion "1"]
[SourceVersionDate "2018.10.10"]
[SourceQuality "1"]
[WhiteTeam "Poznan Politechnika U19"]
[BlackTeam "Srem LKS Piast U19"]
[WhiteTeamCountry "POL"]
[BlackTeamCountry "POL"]

1. Nf3 d6 2. g3 g6 3. Bg2 Bg7 4. Nc3 Nd7 5. d3 e5 6. Bd2 Ne7 7. 0-0 0-0 8. e4 f5 9. exf5 Nxf5 10. Ne4 Qe8 11. Re1 Nf6 12. Nfg5 Qb5 13. b3 Bd7 14. c4 Qb6 15. Be3 Nxe3 16. Rxe3 Nxe4 17. Nxe4 h6 18. Qc2 Qd4 19. Qc3 Qxc3 20. Nxc3 c6 21. Rf1 Kh8 22. Ne4 d5 23. Nc5 Rf7 24. cxd5 Bf5 25. dxc6 bxc6 26. Ne4 Bxe4 27. Bxe4 Rc8 28. Rc1 c5 29. Rc4 g5 30. Bg6 Rf6 31. Be4 Rc7 32. Re2 Bf8 33. Bg2 Bd6 34. Ra4 Kg7 35. Be4 Rff7 36. Ra6 Be7 37. Rg6+ Kf8 38. Rxh6 Rg7 39. Re6 Rf7 40. Rxe5 Bf6 41. Rf5 Bd4 42. Rxf7+ Rxf7 43. Kg2 Kg7 44. h3 a5 45. g4 Kf6 46. Bf5 Rc7 47. Re6+ Kf7 48. Kf3 Bc3 49. Ke4 Bd4 50. f4 gxf4 51. Kxf4 Kg7 52. h4 Bc3 53. h5 Bd2+ 54. Ke4 Bc3 55. h6+ Kh8 56. Re8# 1-0

[Event "POL-chT U19 3rd League Wielkopolska"]
[Site "Kalisz"]
[Date "2013.02.16"]
[Round "6.20"]
[White "Bruch, Tomasz"]
[Black "Niemier, Hubert"]
[Result "1-0"]
[WhiteElo "1590"]
[BlackElo "1332"]
[PlyCount "63"]
[EventDate "2013.02.09"]
[EventType "team-tourn"]
[EventRounds "9"]
[EventCountry "POL"]
[SourceTitle "EXT 2019"]
[Source "ChessBase"]
[SourceDate "2018.10.10"]
[SourceVersion "1"]
[SourceVersionDate "2018.10.10"]
[SourceQuality "1"]
[WhiteTeam "Slesin M-GOK Gambit U19"]
[BlackTeam "Poznan Politechnika U19"]
[WhiteTeamCountry "POL"]
[BlackTeamCountry "POL"]

1. d4 d5 2. Nf3 Nf6 3. c4 c6 4. Nc3 g6 5. Bf4 Bg7 6. e3 0-0 7. Be2 Bf5 8. 0-0 Re8 9. Rc1 Ne4 10. cxd5 Nxc3 11. Rxc3 Qxd5 12. Bc4 Qd7 13. Ng5 Be6 14. Nxe6 fxe6 15. Qb3 Kf7 16. Rcc1 Bf6 17. Qc2 Qc8 18. Qe4 Qd7 19. g4 Rf8 20. Rc2 a6 21. g5 Bg7 22. h4 b5 23. Bb3 a5 24. Bxb8 Raxb8 25. Rxc6 Ke8 26. Bxe6 Qa7 27. Rfc1 Qa8 28. Qd5 Rd8 29. Qxd8+ Qxd8 30. Rc8 h6 31. Rxd8+ Kxd8 32. Rc8# 1-0